| 000 | 00693nam a2200253 a 4500 | ||
|---|---|---|---|
| 999 |
_c4951 _d4951 |
||
| 001 | 4951 | ||
| 003 | BD-JhCC | ||
| 005 | 20180308191453.0 | ||
| 008 | 820128s1959 enka 000 0 eng d | ||
| 035 | _a(BD-JhCC)4951 | ||
| 040 |
_aNLM _cNLM _dUKM _dEQO _dBD-JhCC |
||
| 041 | _aeng | ||
| 060 | 0 |
_aWZ 100 _bP291AT 1954 |
|
| 082 | 0 | 4 |
_a616.010924 _218 _bATT 1959 |
| 100 | 1 | _aAttwood, Evelyn. | |
| 245 | 1 | 0 |
_aLouis Pasteur / _cEvelyn Attwood, |
| 260 |
_aLondon : _bLongmans, Green, _c1959 |
||
| 300 |
_av, 154 p. _bill. _c19 cm. |
||
| 490 | 1 | _aLives of achievement series | |
| 600 | 1 | 0 |
_aPasteur, Louis, _d1822-1895. |
| 830 | 0 | _aLives of achievement series | |
| 942 |
_2ddc _cBK |
||